Radiation transport in spectral lines (Record no. 4511)

MARC details
000 -LEADER
fixed length control field 00660nam a2200217Ia 4500
003 - CONTROL NUMBER IDENTIFIER
control field IN-BaIIA
008 - FIXED-LENGTH DATA ELEMENTS--GENERAL INFORMATION
fixed length control field 211028s9999 xx 000 0 eng d
020 ## - INTERNATIONAL STANDARD BOOK NUMBER
International Standard Book Number 90-277-0241-1
040 ## - CATALOGING SOURCE
Transcribing agency IIA Library
080 ## - UNIVERSAL DECIMAL CLASSIFICATION NUMBER
Universal Decimal Classification number 524.3-64
Item number ATH
100 ## - MAIN ENTRY--PERSONAL NAME
Personal name Athay, Grant R
9 (RLIN) 7908
245 #0 - TITLE STATEMENT
Title Radiation transport in spectral lines
Statement of responsibility, etc. Grant R. Athay
260 ## - PUBLICATION, DISTRIBUTION, ETC.
Place of publication, distribution, etc. Dordrecht
Name of publisher, distributor, etc. D. Reidel Publishing
Date of publication, distribution, etc. 1972
300 ## - PHYSICAL DESCRIPTION
Extent xiii, 263p.
490 ## - SERIES STATEMENT
Series statement Geophysics and astrophysics monographs; v. 1
650 ## - SUBJECT ADDED ENTRY--TOPICAL TERM
Topical term or geographic name entry element  Spectral lines 
9 (RLIN) 7909
650 ## - SUBJECT ADDED ENTRY--TOPICAL TERM
Topical term or geographic name entry element  Star 
9 (RLIN) 7910
650 ## - SUBJECT ADDED ENTRY--TOPICAL TERM
Topical term or geographic name entry element Astronomy and astrophysics thesaurus 
9 (RLIN) 1143
650 ## - SUBJECT ADDED ENTRY--TOPICAL TERM
Topical term or geographic name entry element Radiative transfer 
9 (RLIN) 7911
942 ## - ADDED ENTRY ELEMENTS (KOHA)
Koha item type Books
Holdings
Withdrawn status Lost status Damaged status Not for loan Home library Current library Shelving location Date acquired Total Checkouts Full call number Barcode Date last seen Price effective from Koha item type
        IIA Library-Bangalore IIA Library-Bangalore General Stacks 28/09/1974   524.3-64/ ATH 5037 05/11/2021 28/09/1974 Books

Powered by Koha